Statistics for Busiest airports in Africa

Click here to take the quiz!

General Stats

  • This quiz has been taken 45 times
  • The average score is 10 of 15

Answer Stats

Country City % Correct
South AfricaJohannesburg
98%
EgyptCairo
93%
MoroccoCasablanca
93%
South AfricaCape Town
90%
NigeriaLagos
90%
KenyaNairobi
88%
TunisiaTunis
85%
South AfricaDurban
83%
MoroccoMarrakesh
78%
MauritiusPort Louis
60%
SpainTenerife
58%
SpainLas Palmas de Gran Canaria
43%
EgyptHurghada
28%
SpainSanta Cruz
8%
SpainPuerto del Rosario
3%

Score Distribution

Percentile by Number Answered

Percent of People with Each Score

Your Score History

You have not taken this quiz